00863nam a2200229 i 4500001000700000003000900007005001700016007000300033008004100036080001200077100002500089245008300114250001200197260003800209300002200247490007000269505014600339650002500485700003200510830007000542852002100612110806ES-MaACL20250914145932.0t|070126s1926 sp ||||1| spa d a347.2511 aJhering, Rudolf von.13aLa posesión / cRodolfo von Ihering ; versión española de Adolfo Posada. a2ª ed. aMadrid : bHijos de Reus, c1926. a646 p. ; c23 cm.1 aBiblioteca jurídica de autores españoles y extranjeros ; v968 aContenido: I. El fundamento de la protección posesoria. II. La voluntad en la posesión con la crítica del método jurídico reinante.14aPosesión (Derecho)1 aPosada, Adolfo, d1860-19440 aBiblioteca jurídica de autores españoles y extranjeros ; v96 aES-MaACLjE-3090